000 00810cam a22002655a 4500
005 20150818103633.0
008 150813s2002 nyua|||frb||| 001 0 eng d
020 _a0071122303
020 _a9780071122306
040 _aEG-ScBUE
_beng
_cEG-ScBUE
082 0 4 _a621.4022
_bHOL
_222
100 1 _aHolman, J. P.
_934963
245 1 0 _aHeat transfer /
_cJ. P. Holman.
250 _a9th ed., International ed.
260 _aNew York :
_bMcGraw-Hill,
_c2002.
300 _axx, 665 p. :
_bill. ;
_c 26 cm.
490 _aMcGraw-Hill series in mechanical engineering
500 _aIndex : p. 657-665.
504 _aIncludes bibliographical references.
590 _adoaa mohamed
650 _aHeat.
_x Transmission
_2BUEsh
651 _2BUEsh
653 _bENGMEC
_cAugust2015
942 _cBB
_2ddc
999 _c7220
_d4413